<?xml version="1.0" encoding="UTF-8"?>
<record
    xmlns:xsi="http://www.w3.org/2001/XMLSchema-instance"
    xsi:schemaLocation="http://www.loc.gov/MARC21/slim http://www.loc.gov/standards/marcxml/schema/MARC21slim.xsd"
    xmlns="http://www.loc.gov/MARC21/slim">

  <leader>01124cam a2200265   4500</leader>
  <controlfield tag="001">sa 68015456 </controlfield>
  <controlfield tag="003">DLC</controlfield>
  <controlfield tag="005">20260227112643.0</controlfield>
  <controlfield tag="008">700320s1965    ii       b    100 0 eng  </controlfield>
  <datafield tag="010" ind1=" " ind2=" ">
    <subfield code="a">sa 68015456 </subfield>
  </datafield>
  <datafield tag="025" ind1=" " ind2=" ">
    <subfield code="a">PL480:I-E-9573</subfield>
  </datafield>
  <datafield tag="040" ind1=" " ind2=" ">
    <subfield code="a">DLC</subfield>
    <subfield code="c">DLC</subfield>
    <subfield code="d">DLC</subfield>
  </datafield>
  <datafield tag="050" ind1="0" ind2="0">
    <subfield code="a">LB1629.5.I48</subfield>
    <subfield code="b">S4 1964</subfield>
  </datafield>
  <datafield tag="082" ind1="0" ind2="0">
    <subfield code="a">373.1/9/0954</subfield>
  </datafield>
  <datafield tag="111" ind1="2" ind2=" ">
    <subfield code="a">Seminar on Curriculum Improvement in Secondary Education,</subfield>
    <subfield code="c">Maharaja Sayajirao University of Baroda,</subfield>
    <subfield code="d">1964.</subfield>
  </datafield>
  <datafield tag="245" ind1="1" ind2="0">
    <subfield code="a">Curriculum improvement in secondary education;</subfield>
    <subfield code="b">report of the seminar held from 8th to 12th Dec., 64.</subfield>
    <subfield code="c">Edited by A. S. Patel and B. P. Lulla.</subfield>
  </datafield>
  <datafield tag="260" ind1=" " ind2=" ">
    <subfield code="a">Baroda,</subfield>
    <subfield code="b">Centre for Advanced Study in Education, Faculty of Education and Psychology, M.S. University of Baroda,</subfield>
    <subfield code="c">1965.</subfield>
  </datafield>
  <datafield tag="300" ind1=" " ind2=" ">
    <subfield code="a">viii, 125 p.</subfield>
    <subfield code="c">22 cm.</subfield>
  </datafield>
  <datafield tag="490" ind1="1" ind2=" ">
    <subfield code="a">Curriculum monographs, c-3</subfield>
  </datafield>
  <datafield tag="504" ind1=" " ind2=" ">
    <subfield code="a">Includes bibliographies.</subfield>
  </datafield>
  <datafield tag="650" ind1=" " ind2="0">
    <subfield code="a">Education, Secondary</subfield>
    <subfield code="x">Curricula</subfield>
    <subfield code="z">India</subfield>
    <subfield code="v">Congresses.</subfield>
  </datafield>
  <datafield tag="700" ind1="1" ind2=" ">
    <subfield code="a">Patel, Ambalal Somabhai,</subfield>
    <subfield code="d">1918-</subfield>
    <subfield code="e">ed.</subfield>
  </datafield>
  <datafield tag="700" ind1="1" ind2=" ">
    <subfield code="a">Lulla, Basant P.,</subfield>
    <subfield code="d">1929-</subfield>
    <subfield code="e">ed.</subfield>
  </datafield>
  <datafield tag="810" ind1="2" ind2=" ">
    <subfield code="a">Centre for Advanced Study in Education.</subfield>
    <subfield code="t">Curriculum monograph,</subfield>
    <subfield code="v">c-3</subfield>
  </datafield>
  <datafield tag="999" ind1=" " ind2=" ">
    <subfield code="c">86469</subfield>
    <subfield code="d">86469</subfield>
  </datafield>
</record>
